| 000 | 00445nam a2200169Ia 4500 | ||
|---|---|---|---|
| 003 | GCL | ||
| 008 | 140319s9999 xx 000 0 eng d | ||
| 040 |
_aGCL / _cGCL |
||
| 082 | 0 | 4 |
_a511.3 _bE A |
| 100 | 1 | _aEXNER, GEORGE R. | |
| 245 | 1 | 0 |
_aAN ACCOMPANIMENT TO HIGHER MATHEMATICS / _cEXNER, GEORGE R. |
| 260 |
_a[S.N] : _bSPRINGER - VERLAG ، _c1996 |
||
| 300 | _a198 P | ||
| 650 | 0 | 4 | _aPROOF THEORY |
| 650 | 0 | 4 | _aMATHEMATICS |
| 942 |
_2ddc _cBK |
||
| 999 |
_c13025 _d13025 |
||